National Accounts of Tanzania Mainland 2001-2011 (Record no. 6857)

000 -LEADER
fixed length control field 00368nam a22001097a 4500
008 - FIXED-LENGTH DATA ELEMENTS--GENERAL INFORMATION
fixed length control field 200331b ||||| |||| 00| 0 eng d
245 ## - TITLE STATEMENT
Title National Accounts of Tanzania Mainland 2001-2011
Statement of responsibility, etc. Ministry of Finance.-
Medium English.
260 ## - PUBLICATION, DISTRIBUTION, ETC. (IMPRINT)
Place of publication, distribution, etc. Dar Es Salaam:
Name of publisher, distributor, etc. National Bureau of Statistics,
Date of publication, distribution, etc. 2012.
300 ## - PHYSICAL DESCRIPTION
Extent iii, 46p;
Other physical details ill;
Dimensions 30cm.-
650 ## - SUBJECT ADDED ENTRY--TOPICAL TERM
Source of heading or term ACCOUNTING
942 ## - ADDED ENTRY ELEMENTS (KOHA)
Source of classification or shelving scheme
Koha item type BOOKS

No items available.

IRDP © 2019 :: Managed by IRDP ICT Unit